000 00638nam a22002177a 4500
003 UA-OsUOA
001 35222
007 ta
008 20051111b un ||||| |||| 00| 0 ukr d
090 _a81.374.4
942 _cBK
040 _aUA-OsUOA
_bukr
_cUA-OsUOA
_dUA-OsUOA
245 _aЕтимологічний словник української мови
300 _a656 с.
955 _a2
041 _aukr
080 _a81.374.4
020 _a966-00-0590-4
260 _aК.
_bНаукова думка
_c2003
650 7 _a8 Мовознавство. Художня література. Літературознавство
_2UDC
999 _c321614
_d321614